000 00796nam a2200289Ia 4500
003 OSt
005 20221005055318.0
006 a|||||r|||| 00| 0
007 ta
008 221004b |||||||| |||| 00| 0 eng d
020 _a0 416 56220 5
024 _a42665
037 _cTextual
040 _aCRL
_cCRL
_beng
041 _2eng
_aeng
082 _aO111:gM, L8
100 _aLerner Laurence Ed.
110 _aGift from Prof Amitava Banerjee, London
245 0 _aVictorians
260 _aLondon
_bMethuen UK
_c1978
300 _a228p.
_ccm.
490 _aContext of English Literature
650 _aENGLISH LITERATURE
700 _aGift from Prof Amitava Banerjee, London
942 _hO111:gM, L8
_cTEXL
_2cc
999 _c964917
_d964917